00731nam a2200181 a 450000100100000000500170001000800410002704000250006808200230009310000250011624501840014126000370032530000210036250000450038350400410042865000330046965000470050200000684320200929154015.0090903s2009 dr 001 0 spa d aDO-SdBNPbspacBNPHU aR 467.97293bG633d1 aGómez Marí, Lucy10aDominicanismo :bdiccionario para entender al dominicano: una recopilación de palabras, frases y expresiones que definen la idiosincrasia del dominicano /cLucy Gómez Marín. aSanto Domingo :bConadex,c2009. a173 p. ;c21 cm. aIncluye datos biográficos de la autora aIncluye referencias bibliográficas 4aDominicanismosvDICCIONARIOS 4aEspañolxPalabras y frasesvDICCIONARIOS